| 000 | 01098nam a2200289 i 4500 | ||
|---|---|---|---|
| 003 | DO-SdBNP | ||
| 005 | 20240813154947.0 | ||
| 007 | ta | ||
| 008 | 240813b2024 ck ac||| |||| 00| 0 spa d | ||
| 020 | _a9789945930078 | ||
| 040 |
_aDO-SdBNP _bspa _cBNPHU _erda |
||
| 082 | 4 | _222 | |
| 100 |
_aQuinn, Rachel Afi, _9863 _eautor |
||
| 245 | 1 | 0 |
_aSiendo la dominicana : _braza e identidad en la cultura visual de Santo Domingo / _cRachel Afi Quinn ; edición, Michelle Ricardo ; corrección, Lauristely Peña Solano ; traducción, Marta García |
| 264 | 1 |
_aColombia : _bAnticanon, _c2004. |
|
| 300 |
_a300 páginas : _bilustraciones, retratos ; _c23 cm. |
||
| 336 |
_2rdacontent _atexto _btxt |
||
| 337 |
_2rdamedia _asin mediación _bn |
||
| 338 |
_2rdacarrier _avolumen _bnc |
||
| 500 | _aIncluye datos biográficos del autor en la solapa de la contracubierta | ||
| 590 | _aInventariado, 2024/ BT | ||
| 700 | 1 |
_aRicardo, Michelle, _eedición _981437 |
|
| 700 | 1 |
_aPeña Solano, Lauristely, _ecorrección |
|
| 700 | 1 |
_aGarcía, Marta, _etraducción _940645 |
|
| 910 | _aBtavárez | ||
| 942 |
_2ddc _cLBS1 |
||
| 999 |
_c57446 _d57446 |
||